K jednomu z aspektů podnikové politiky

Podniková politika a jej základné aspekty. Podniková politika upravuje chovanie voči zákazníkom, konkurencii, verejnosti. Normy chovania - etické, estetické, ekologické.

Na minha lista:
Detalhes bibliográficos
Autor principal: Kulhavy, Ernest
Formato: Capítulo de Livro
Idioma:tcheco
Assuntos:
Tags: Adicionar Tag
Sem tags, seja o primeiro a adicionar uma tag!

MARC

LEADER 00000naa a2200000 4500
001 0193301
005 20231115070537.3
041 0 |a cze 
044 |a CZ 
245 1 0 |a K jednomu z aspektů podnikové politiky  |c Ernest Kulhavy 
520 |a Podniková politika a jej základné aspekty. Podniková politika upravuje chovanie voči zákazníkom, konkurencii, verejnosti. Normy chovania - etické, estetické, ekologické. 
610 2 0 |a politika podniková 
100 1 |a Kulhavy, Ernest